<?xml version='1.0' encoding='UTF-8'?>
  <record xmlns="http://www.loc.gov/MARC21/slim">
    <leader>00000cam a22000007i 4500</leader>
    <controlfield tag="001">ocn900789841</controlfield>
    <controlfield tag="003">OCoLC</controlfield>
    <controlfield tag="005">20240705195349.7</controlfield>
    <controlfield tag="008">150126s1913    ne            000 0 dut d</controlfield>
    <datafield tag="040" ind1=" " ind2=" ">
      <subfield code="a">NLGGC</subfield>
      <subfield code="b">dut</subfield>
      <subfield code="e">fobidrtb</subfield>
      <subfield code="c">NLGGC</subfield>
      <subfield code="d">OCLCQ</subfield>
    </datafield>
    <datafield tag="029" ind1="0" ind2=" ">
      <subfield code="a">NLGGC</subfield>
      <subfield code="b">387855734</subfield>
    </datafield>
    <datafield tag="035" ind1=" " ind2=" ">
      <subfield code="a">(OCoLC)900789841</subfield>
    </datafield>
    <datafield tag="245" ind1="0" ind2="0">
      <subfield code="a">Geschiedkundige atlas van Nederland. [Dl. 1-3. Kaarten] /</subfield>
      <subfield code="c">uitg. door de Commissie voor den Geschiedkundigen atlas van Nederland en geteekend door A. A. Beekman.</subfield>
    </datafield>
    <datafield tag="260" ind1=" " ind2=" ">
      <subfield code="a">'s-Gravenhage :</subfield>
      <subfield code="b">Nijhoff,</subfield>
      <subfield code="c">1913.</subfield>
    </datafield>
    <datafield tag="300" ind1=" " ind2=" ">
      <subfield code="a">3 dl. (19 bd.) :</subfield>
      <subfield code="b">krt. ;</subfield>
      <subfield code="c">55 cm.</subfield>
    </datafield>
    <datafield tag="336" ind1=" " ind2=" ">
      <subfield code="a">tekst</subfield>
      <subfield code="b">txt</subfield>
      <subfield code="2">rdacontent/dut</subfield>
    </datafield>
    <datafield tag="337" ind1=" " ind2=" ">
      <subfield code="a">zonder medium</subfield>
      <subfield code="b">n</subfield>
      <subfield code="2">rdamedia/dut</subfield>
    </datafield>
    <datafield tag="338" ind1=" " ind2=" ">
      <subfield code="a">band</subfield>
      <subfield code="b">nc</subfield>
      <subfield code="2">rdacarrier/dut</subfield>
    </datafield>
    <datafield tag="500" ind1=" " ind2=" ">
      <subfield code="a">Zie voor bijbehorende teksten respectievelijk verbeteringen en aanvullingen: Geschiedkundige atlas van Nederland. [Dl. 4-7. Teksten, 8] / uitg. door de Commissie voor den Geschiedkundigen atlas van Nederland en geteekend door A. A. Beekman.</subfield>
    </datafield>
    <datafield tag="500" ind1=" " ind2=" ">
      <subfield code="a">I. -1561. 1. Oudheidkundige kaart van Nederland. 2-3. De Romeinsche tijd en de Frankische tijd. 4. De gewesten van Noord- en Zuid-Nederland. 5. Holland, Zeeland en Westfriesland in 1300. 6. De marken van Drente, Groningen, Overijsel en Gelderland. 7. De Bourgondische tijd. 8. De zeventien provinciën in 1555. 9-9a. De kerkelijke indeeling omstreeks 1550 tevens kloosterkaart. II. 1648-1853. 10. De Republiek der Vereenigde Nederlanden in 1648. 13. De Gereformeerde Kerk onder de Republiek omstreeks het midden der 18de eeuw. 14. De Republiek in 1795. 15. De Fransche tijd (1795-1815). 16-17. De rechterlijke indeelingen na 1795. 18. Het Koninkrijk der Nederlanden op 1 Juli 1817. III. 19. De koloniën.</subfield>
    </datafield>
    <datafield tag="700" ind1="1" ind2=" ">
      <subfield code="a">Beekman, Anton Albert,</subfield>
      <subfield code="d">1854-1947.</subfield>
    </datafield>
    <datafield tag="710" ind1="2" ind2=" ">
      <subfield code="a">Commissie voor den Geschiedkundigen atlas van Nederland.</subfield>
    </datafield>
    <datafield tag="936" ind1=" " ind2=" ">
      <subfield code="a">BATCHLOAD</subfield>
    </datafield>
  </record>